Všetky cesty vedú do nákupného centra
Účel a funkcia nákupných centier sa v posledných rokoch mení. V týchto komplexoch sa udomácňujú oblasti, ktoré s obchodom súvisia len okrajovo alebo vôbec. V centrách trávia ľudia čoraz viac voľného a pracovného času. Vytváranie nových konceptov.
Guardado en:
| Formato: | Capítulo de libro |
|---|---|
| Lenguaje: | eslovaco |
| Materias: | |
| Etiquetas: |
Sin Etiquetas, Sea el primero en etiquetar este registro!
|
MARC
| LEADER | 00000naa a2200000 4500 | ||
|---|---|---|---|
| 001 | 0261012 | ||
| 005 | 20200114104806.9 | ||
| 041 | 0 | |a slo | |
| 044 | |a SK | ||
| 245 | 1 | 0 | |a Všetky cesty vedú do nákupného centra |
| 520 | |a Účel a funkcia nákupných centier sa v posledných rokoch mení. V týchto komplexoch sa udomácňujú oblasti, ktoré s obchodom súvisia len okrajovo alebo vôbec. V centrách trávia ľudia čoraz viac voľného a pracovného času. Vytváranie nových konceptov. | ||
| 610 | 2 | 0 | |a domy obchodné |
| 610 | 2 | 0 | |a reťazce obchodné |
| 610 | 2 | 0 | |a čas voľný |
| 610 | 2 | 0 | |a čas pracovný |
| 610 | 2 | 0 | |a spotrebitelia |